Stříbrná krev. I., Zvrácený osud /
Úvodní kniha romantasy série pro dospělé.
Uloženo v:
| Série: | Stříbrná krev,
část 1 |
|---|---|
| Hlavní autor: | |
| Médium: | Kniha |
| Jazyk: | Czech |
| Vydáno: |
V Praze :
Baronet,
2026
|
| Vydání: | 1. vydání |
| Témata: | |
| Celkem bylo vypůjčeno: | 0x |
| Příbuzné jednotky: | Z cyklu::
Stříbrná krev |
| Tagy: |
Žádné tagy |
| LEADER | 02122nam a2200445 i 4500 | ||
|---|---|---|---|
| 001 | 106360 | ||
| 003 | CZ PrNK | ||
| 005 | 20260514105055.0 | ||
| 007 | ta | ||
| 008 | 260430s2026 xr e 000 f cze | ||
| 015 | |a cnb003755640 | ||
| 020 | |a 9788026928645 |q (brožováno) : |c Kč 399,00 | ||
| 040 | |a ABG001 |b cze |e rda | ||
| 072 | 7 | |a 821.162.3-3 |x Česká próza |2 Konspekt |9 25 | |
| 080 | |a 821.162.3-31 |2 MRF | ||
| 080 | |a (0:82-312.9) |2 MRF | ||
| 080 | |a (0:82-993) |2 MRF | ||
| 100 | 1 | |a Dake, Monica, |d 1991- |7 xx0325441 |4 aut |9 117359 | |
| 245 | 1 | 0 | |a Stříbrná krev. |n I., |p Zvrácený osud / |c Monica Dake |
| 246 | 3 | 0 | |a Zvrácený osud |
| 250 | |a 1. vydání | ||
| 264 | 1 | |a V Praze : |b Baronet, |c 2026 | |
| 300 | |a 300 stran ; |c 20 cm | ||
| 336 | |a text |b txt |2 rdacontent | ||
| 337 | |a bez média |b n |2 rdamedia | ||
| 338 | |a svazek |b nc |2 rdacarrier | ||
| 520 | 2 | |a Úvodní kniha romantasy série pro dospělé. |b Čarodějka Anarché má jediný úkol: udržovat magickou hranici, která chrání její vesnici před démony z lesa. Každý měsíc čerpá sílu z rituálu s nejlepším démonobijcem, který vyhraje turnaj a získá právo se s čarodějkou spojit během noci plné vášně. Anarché má všechno, jen ne respekt a vděk vesničanů. Z úcty k matčině odkazu však zůstává věrná své roli. Co se ale stane, když při lovu na démona zabloudí hluboko do lesa a střetne se s prastarou hrozbou? A je hranice mezi dobrem a zlem skutečně tak jasná? Nakladatelská anotace. | |
| 653 | 0 | |a romantasy | |
| 655 | 7 | |a české romány |7 fd133974 |2 czenas |9 54031 | |
| 655 | 7 | |a fantasy romány |7 fd184199 |2 czenas |9 54250 | |
| 655 | 7 | |a erotické romány |7 fd132211 |2 czenas |9 53580 | |
| 655 | 9 | |a Czech fiction |2 eczenas | |
| 655 | 9 | |a fantasy novels |2 eczenas | |
| 655 | 9 | |a erotic novels |2 eczenas | |
| 710 | 2 | |a Baronet (nakladatelství) |7 xx0220126 |4 pbl |9 117170 | |
| 787 | 0 | 8 | |i Z cyklu: |t Stříbrná krev |g 1 |
| 910 | |a UOG502 | ||
| 942 | |2 ddc |c KN | ||
| 999 | |d 106360 | ||
| 993 | |0 0 |1 421180107081 |2 ddc |4 0 |7 0 |9 99743 |b 0 |c 107081 |d 2026-05-14 |e 0 |f DOSP |h 399.00 |i Koupě |l DOSP |r 2026-05-14 |t 6 |w 2026-05-14 |y KN |z BELET |n | ||